Logo BPK

Biblioteka

Politechniki Koszalińskiej

Lehrbuch der technischen Mechanik. (Rekord nr 8555)

Szczegóły MARC
000 -ETYKIETA REKORDU
podpole kontrolne o stałej długości 00370nam a2200145 i 4500
001 - NUMER KONTROLNY REKORDU
pole kontrolne bg
040 ## - ŹRÓDŁO KATALOGOWANIA
Instytucja, która utworzyła rekord BPK
041 ## - KOD JĘZYKA
Kod języka tekstu pol
080 ## - UNIWERSALNA KLASYFIKACJA DZIESIĘTNA - UKD
UKD 531:621
008 - POLE O STAŁEJ DŁUGOŚCI - DANE KONTROLNE
podpole kontrolne o stałej długości s pl f |000 0 pol
100 1# - NAZWA OSOBOWA
Nazwa osobowa FALK, Sigurd
245 #0 - TYTUŁ/ODPOWIEDZIALNOŚĆ
Tytuł Lehrbuch der technischen Mechanik.
Oznaczenie części/sekcji dzieła Bd. 2,
Tytuł części/sekcji dzieła Die Mechanik des starren Körpers /
Pozostałe elementy strefy tytułu i oznaczenia odpowiedzialności S. Falk.
260 ## - STREFA ADRESU WYDAWNICZEGO
Miejsce wydania Berlin,
Data publikacji, dystrybucji/powstania dokumentu 1962.
856 ## - LOKALIZACJA I DOSTĘP DO ELEKTRONICZNYCH DOKUMENTÓW ZDALNYCH
Link (URL) http://koha.tu.koszalin.pl/cgi-bin/koha/opac-detail.pl?biblionumber=8555
Tekst linku Katalog online BPK
942 ## - DODATKOWE ELEMENTY (KOHA)
Typ dokumentu Książka
Egzemplarze
Wycofany Status egzemplarza Uszkodzony Dostępność Lokalizacja stała Lokalizacja bieżąca Miejsce przechowywania Sygnatura Kod kreskowy Typ dokumentu
      Dostępny Biblioteka Politechniki Koszalińskiej Biblioteka Politechniki Koszalińskiej Wypożyczalnia BG 5291 02191973 Książka
© 2023 Biblioteka Politechniki Koszalińskiej :: KOHA